1237 1912 1395 1855 1516 1287 1329 1332 1019 1414 1667 1909 1655 1001 1724 1303 1381 1479 1982 1264 1326 1163 1154 1969 1410 1836 1430 1306 1367 1623 1226 1051 1140 1384 1864 1619 1200 1845 1277 1529 1196 1765 1108 1711 1379 1566 1260 1212 1146 1522 1245 1199 1923 1800 1858 1888 1693 1680 1725 1277 1725 1708 1460 1385 1517 1617 1046 1207 1861 1169 1336 1772 1710 1832 1844 1537 1953 1552 1166 1018 1844 1446 1452 1860 1662 1031 1084 1027 1256 1228 1970 1667 1010 1334 1155 1860 1989 1889 1960 BCNSPRNW ULIB Ver.6.0+V

เปลี่ยนเป็นภาษาไทย

Change to English
 แสดงรายละเอียดบรรณานุกรม
  กลับหน้าหลัก

Brief Record : Get Marc (ISO 2709) : E-mail record : QR code < ปิดหน้าต่าง
LEADER : 00000nam 2200000uu 4500
001    13399113416
003     ULIB
008    110404s2545||||th 000 0 tha d
020    9789749070011
050  4 PE1131^bล877 2545
100 0  แมคดอนเนล, สจว๊ต
110 1  รีดเดอร์สไดเจสท์(ประเทศไทย)
245 00 Love and share = รักและแบ่งปัน /^cแมคดอนเนล, สจว๊ต
260    กรุงเทพฯ :^bรีดเดอร์สไดเจสท์(ประเทศไทย),^c2545
300    239 หน้า :^bภาพประกอบ
650  7 ภาษาอังกฤษ^xการอ่าน
650  7 ภาษาอังกฤษ^xบทสนทนา
650  7 ภาษาอังกฤษ^xวลี
945    ^p0^l0^i015475
945    ^p0^l0^i015479
945    ^p0^l0^i015480
995    ทศพร
999 ^a ใช้งานได้ทุกระบบ
รายการนี้ยังไม่มีแท็ก
คุณยังไม่ได้ล็อกอิน คุณสามารถมีกิจกรรมร่วมกับเว็บไซต์ได้ แต่ต้องล็อกอินก่อน ::
  ล็อกอิน

รายการสื่อสารสนเทศ

ลำดับที่ ประเภท เลขเรียก/บาร์โค้ด สถานที่ สถานะ
- ไม่พบข้อมูล -

BibComment


ยังไม่เคยถูกคอมเมนท์

คอมเมนท์ทรัพยากรรายการนี้
  คอมเมนท์: Love and share ร..


 Copyright 2026. Bcnsprnw @Library